Statistics for Manchester United Iconic Shirt Numbers

Click here to take the quiz!

General Stats

  • This quiz has been taken 1,322 times
    (281 since last reset)
  • The average score is 20 of 36

Answer Stats

HintAnswer% Correct
7Cristiano Ronaldo
98%
1David de Gea
93%
1Edwin van der Sar
87%
10Wayne Rooney
86%
7 | 10David Beckham
83%
1Peter Schmeichel
78%
11Ryan Giggs
75%
7Edinson Cavani
72%
10Marcus Rashford
71%
7Eric Cantona
71%
9 | 11Anthony Martial
69%
10Ruud van Nistelrooy
59%
9Andy Cole
55%
11Mason Greenwood
53%
7Angel Di Maria
52%
9 | 10Zlatan Ibrahimovic
51%
1Fabien Barthez
50%
7Antonio Valencia
50%
7Memphis Depay
49%
9Dimitar Berbatov
49%
7Michael Owen
46%
7Alexis Sanchez
39%
10Teddy Sheringham
38%
9Romelu Lukaku
33%
1Tim Howard
32%
10Mark Hughes
30%
9Louis Saha
28%
1Mark Bosnich
24%
9Radamel Falcao
21%
11Adnan Januzaj
16%
9Brian McClair
15%

Score Distribution

Percentile by Number Answered

Percent of People with Each Score

Your Score History

You have not taken this quiz since the last reset